Największe miasto w każdym Niemieckim Landzie z mapą - Statystyki

Ogólne statystyki
  • Ten quiz został rozwiązany 32 razy
  • Średni wynik to 12 z 16
Odpowiedzi na mapie
Odpowiedzi zakodowano w zielono-czerwonej skali na mapie do tego quizu, zgodnie z poniższymi procentami.
 
Statystyki odpowiedzi
Land Miasto Populacja % Poprawnych
- Berlin 3,7 mln
100%
Bawaria Monachium 1,5 mln
100%
- Hamburg 1,8 mln
95%
Nadrenia Północna- Westfalia Kolonia 1 mln
95%
Saksonia Lipsk 610k
95%
Badenia-Wirtembergia Stuttgart 600k
95%
- Brema 580k
91%
Hesja Frankfurt 750k
91%
Meklemburgia-Pomorze Przednie Rostock 200k
77%
Dolna Saksonia Hanower 520k
73%
Szlezwik-Holsztyn Kilonia 250k
68%
Brandenburgia Poczdam 180k
68%
Saksonia-Anhalt Magdeburg 240k
59%
Nadrenia-Palatynat Moguncja 220k
45%
Saara Saarbrucken 180k
45%
Turyngia Erfurt 210k
41%
Nie znaleziono quizów pasujących do podanych kryteriów
Rozkład punktacji
Procent ludzi z każdym wynikiem
Percentyl według liczby udzielonych odpowiedzi
Twoja historia wyników
Nie rozwiązałeś tego quizu